| 000 | 00453nam a2200181Ia 4500 | ||
|---|---|---|---|
| 001 | 5239 | ||
| 005 | 20260306145853.0 | ||
| 008 | 260306t2006||||xx |||||||||||||| ||spa|| | ||
| 041 | _aESP | ||
| 082 |
_a338.4791 _bA18C |
||
| 100 |
_aAcerenza, Miguel Ángel _eAUT |
||
| 245 | 0 | _aConceptualización, origen y evolución del turismo | |
| 260 | _c2006 | ||
| 300 |
_a116 páginas : _c24 cm. |
||
| 650 | _aGEN | ||
| 654 | _aCAN | ||
| 942 |
_cLIB _dJUS _fJUS _2ddc _n |
||
| 999 |
_c5239 _d5239 |
||